000 00354nam a2200133Ia 4500
008 240624s9999 xx 000 0 und d
041 _aeng
082 _a658.4092 NUR
100 _aNURMI RAIMO W
245 _aINTERNATIONAL MANAGEMENT LEADERSHIP THE
260 _c2000
_aMumbai
_bJaico Publishing House
300 _axiv, : 221 : p. : cm. ; 25
365 _cRS
999 _c790
_d790